Statistiques concernant Pays dotés de l'arme nucléaire

Cliquez ici pour prendre le quiz!

Statistiques générales

  • Ce quiz a été pris 12 549 fois
  • Le résultat moyen est 8 sur 10

Statistiques - réponses

StatutPays% Correct
avouéEtats-Unis
99%
avouéFrance
98%
avouéChine
95%
avouéRussie
95%
avouéRoyaume-Uni
91%
avouéCorée du Nord
89%
avouéInde
82%
inavouéIsraël
66%
avouéPakistan
64%
ancienAfrique du Sud
39%

Distribution des résultats

Percentile par nombre de réponses

% des personnes avec chaque résultat

Votre développement - résultats

Vous n’avez pas pris ce quiz